| 000 | 01396cam a22003857a 4500 | ||
|---|---|---|---|
| 001 | 15343417 | ||
| 005 | 20240818092910.0 | ||
| 008 | 080625s2008 enka b 001 0 eng | ||
| 010 | _a2008274219 | ||
| 015 |
_aGBA800074 _2bnb |
||
| 016 | 7 |
_a014475788 _2Uk |
|
| 020 | _a9780199215409 (hbk.) | ||
| 020 | _a0199215405 (hbk.) | ||
| 020 | _a0199215413 (pbk.) | ||
| 020 | _a9780199215416 (pbk.) | ||
| 035 | _a(OCoLC)ocn226279733 | ||
| 040 |
_aUKM _cUKM _dBWX _dBAKER _dOCLCQ _dYDXCP _dDLC |
||
| 042 |
_aukblcatcopy _alccopycat |
||
| 050 | 0 | 0 |
_aQC173.6 _b.R473 2008 |
| 082 | 0 | 4 |
_a530.11 _222 _bREN |
| 100 | 1 | _aRendall, Alan D. | |
| 245 | 1 | 0 |
_aPartial Differential Equations in General Relativity / _cAlan D. Rendall. |
| 260 |
_aOxford ; _aNew York : _bOxford University Press, _cc2008. |
||
| 300 |
_axvi, 279 p. : _bill. ; _c25 cm. |
||
| 440 | 0 |
_aOxford graduate texts in mathematics ; _v16 |
|
| 504 | _aIncludes bibliographical references (p. [263]-275) and index. | ||
| 650 | 0 |
_aGeneral relativity (Physics) _xMathematics. |
|
| 650 | 0 | _aDifferential equations, Partial. | |
| 856 | 4 | 1 |
_3Table of contents _uhttp://www.loc.gov/catdir/toc/fy0804/2008274219.html |
| 942 |
_2ddc _cBB _hRDA-MOD |
||
| 999 |
_c10966 _d10966 |
||
| 336 |
_2rdacontent _atext _btxt |
||
| 337 |
_aunmediated _2rdamedia _bn |
||
| 338 |
_avolume _bnc _2rdacarrier |
||